European country word puzzles #1 - Statistics

General Stats
  • This quiz has been taken 61 times
  • The average score is 17 of 28
Answer Stats
Hint Answer % Correct
everything all
93%
close near
82%
delayed late
75%
Country Albania
72%
Country Latvia
72%
adolescent teen
70%
by way of via
70%
pathogen germ
67%
Country Germany
67%
multitudes many
67%
masticate chew
65%
lair den
63%
hurry rush
63%
Country Denmark
61%
grade mark
61%
plus and
60%
annoyance bane
60%
ovum egg
58%
Country Poland
58%
survey poll
58%
Country Portugal
58%
Country Russia
58%
girl gal
56%
unsatisfactory poor
56%
Country Montenegro
54%
mature grow
51%
complain moan
49%
stray err
9%
No matching quizzes found
Score Distribution
Percent of People with Each Score
Percentile by Number Answered
Your Score History
You have not taken this quiz